000 00398nam a22001697a 4500
003 OSt
008 230313b |||||||| |||| 00| 0 eng d
020 _a9788131249048
082 _a616.07 KUB
100 _aKUMAR, vinay
245 _aROBBINS BASIC PATHOLOGY
260 _aNEW DELHI
_bELSEVIER
300 _aXIV,935
650 _aPATHOPHYSIOLOGY
700 _aABBAS, ABDUL.K
942 _2ddc
_cREF
999 _c11866
_d11866